Nueva clínica oftalmológica / (Record no. 171943)
[ view plain ]
| 000 -LEADER | |
|---|---|
| campo de control de longitud fija | 00583nam a22001935i 4500 |
| 001 - NÚMERO DE CONTROL | |
| campo de control | 171943 |
| 003 - IDENTIFICADOR DE NÚMERO DE CONTROL | |
| campo de control | ES-MaACL |
| 005 - FECHA Y HORA DE LA ÚLTIMA TRANSACCIÓN | |
| campo de control | 20230906214756.0 |
| 008 - DATOS DE LONGITUD FIJA--INFORMACIÓN GENERAL | |
| campo de control de longitud fija | 090609s1969 sp |||| | spa d |
| 080 ## - NÚMERO DE LA CLASIFICACIÓN DECIMAL UNIVERSAL | |
| Número de la Clasificación Decimal Universal | 617.7 |
| 100 1# - ENTRADA PRINCIPAL--NOMBRE DE PERSONA | |
| Nombre de persona | Sorsby, Arnold. |
| 9 (RLIN) | 140562 |
| 245 10 - MENCIÓN DEL TÍTULO | |
| Título | Nueva clínica oftalmológica / |
| Mención de responsabilidad, etc. | por Arnold Sorsby ; versión ... E. Gil del Río. |
| 250 ## - MENCION DE EDICION | |
| Mención de edición | [1ª ed.]. |
| 260 ## - PUBLICACIÓN, DISTRIBUCIÓN, ETC. | |
| Lugar de publicación, distribución, etc. | Barcelona : |
| Nombre del editor, distribuidor, etc. | Toray, |
| Fecha de publicación, distribución, etc. | [1969] |
| 300 ## - DESCRIPCIÓN FÍSICA | |
| Extensión | VII, 320 p. : |
| Otras características físicas | il. ; |
| Dimensiones | 22 cm. |
| 650 14 - PUNTO DE ACCESO ADICIONAL DE MATERIA--TÉRMINO DE MATERIA | |
| Término de materia o nombre geográfico como elemento de entrada | Oftalmología. |
| 9 (RLIN) | 15693 |
| 700 1# - ENTRADA AGREGADA--NOMBRE PERSONAL | |
| Nombre de persona | Gil del Río, E. |
| 9 (RLIN) | 56808 |
| 852 ## - LOCALIZACIÓN | |
| Ubicación | ES-MaACL |
| Número de control de estantería | C-18488 |
| itemnumber | R.71286 |
| Estatus retirado | Estado de pérdida | Estado de daño | No para préstamo | Biblioteca de origen | Biblioteca actual | Ubicación en estantería | Fecha de adquisición | Fuente de adquisición | Total de préstamos | Signatura topográfica completa | Código de barras | Visto por última vez | Precio de reemplazo | Tipo de ítem Koha |
|---|---|---|---|---|---|---|---|---|---|---|---|---|---|---|
| Biblioteca del Ateneo de Madrid | Biblioteca del Ateneo de Madrid | Galería | 09/06/2009 | C-18488 | 1180448 | 23/02/2023 | 23/02/2023 | Libro impreso |
